La competencia social y cívica en la Universidad : un caso concreto (Record no. 175573)
[ view plain ]
| 000 -CABECERA | |
|---|---|
| campo de control de longitud fija | 02658nab a2200337 a 4500 |
| 005 - FECHA Y HORA DE LA ÚLTIMA TRANSACCIÓN | |
| campo de control | 20210219162408.0 |
| 008 - ELEMENTOS DE LONGITUD FIJA--INFORMACIÓN GENERAL | |
| campo de control de longitud fija | 991125s1985 mx 000 0 spa u |
| 035 ## - NÚMERO DE CONTROL DEL SISTEMA | |
| Número de control de sistema | UPN01000203472 |
| 049 ## - COLECCIÓN | |
| Colección | ART |
| 100 1# - ASIENTO PRINCIPAL--NOMBRE PERSONAL | |
| Nombre de persona | Arbués Radigales, Elena |
| 100 1# - ASIENTO PRINCIPAL--NOMBRE PERSONAL | |
| Filiación | earbues@unav.es |
| 100 1# - ASIENTO PRINCIPAL--NOMBRE PERSONAL | |
| Nombre de persona | Naval Durán, Concepcion |
| 100 1# - ASIENTO PRINCIPAL--NOMBRE PERSONAL | |
| Filiación | cnaval@unav.es |
| 100 1# - ASIENTO PRINCIPAL--NOMBRE PERSONAL | |
| Nombre de persona | Repáraz, Rosario |
| 100 1# - ASIENTO PRINCIPAL--NOMBRE PERSONAL | |
| Filiación | creparaz@unav.es |
| 100 1# - ASIENTO PRINCIPAL--NOMBRE PERSONAL | |
| Nombre de persona | Ugarte Artal, Carolina |
| 100 1# - ASIENTO PRINCIPAL--NOMBRE PERSONAL | |
| Filiación | cugarte@unav.es |
| 222 #0 - TÍTULO CLAVE | |
| Título clave | REVISTA PANAMERICANA DE PEDAGOGIA |
| 245 00 - MENCIÓN DE TÍTULO | |
| Título | La competencia social y cívica en la Universidad : un caso concreto |
| 260 ## - PUBLICACIÓN, DISTRIBUCIÓN, ETC. | |
| Lugar de publicación, distribución, etc. | México |
| 300 ## - DESCRIPCIÓN FÍSICA | |
| Extensión | 37-74 |
| 362 0# - FECHAS DE PUBLICACIÓN Y/O DESIGNACIÓN SECUENCIAL | |
| Fecha de publicación y/o designación secuencial | 2014 Número 21, noviembre |
| 520 ## - NOTA DE RESUMEN, ETC. | |
| Sumario, etc. | La universidad tiene una función social y cultural; desde ella se puede contribuir a elevar el grado de cultura cívica. Esta denominada tercera misión de la universidad se concreta en preparar a los universitarios tanto para su incorporación al mundo del trabajo como para ejercer la ciudadanía activa (Naval et al. 2011). En las leyes que actualmente rigen el sistema educativo español estos objetivos han pasado a ser una preocupación real y prioritaria. Una de las formas de concretarla ha sido la introducción de la educación cívica en cada tramo del sistema educativo. Parece lógico que esta intencionalidad de educar en el compromiso cívico a los alumnos de educación secundaria y formación profesional encuentre su continuidad en la educación superior. En este trabajo nos proponemos profundizar en cómo, desde la universidad, podemos colaborar en la formación de la competencia social y cívica de los estudiantes. Vamos a fijarnos en hasta qué punto la enseñanza en competencias, en concreto la competencia social y cívica, ha sido incorporada en los planes de estudios de algunos grados universitarios en la universidad donde trabajamos, con vistas a ahondar en si la formación que se recibe en la universidad incide en la participación real de los alumnos. Para ello mostraremos algunos de los resultados obtenidos en el estudio que hemos llevado a cabo para medir el índice cívico de nuestros estudiantes. Por último recogemos las opiniones de un grupo de alumnos sobre cuáles consideran que son sus posibilidades reales de participación como universitarios y proponemos unas reflexiones que pueden contribuir a orientar la intervención educativa en este sentido |
| 653 0# - TERMINO DE INDIZACION - NO CONTROLADO | |
| Término no controlado | ESTUDIANTE UNIVERSITARIO |
| 653 0# - TERMINO DE INDIZACION - NO CONTROLADO | |
| Término no controlado | EDUCACION SUPERIOR |
| 653 0# - TERMINO DE INDIZACION - NO CONTROLADO | |
| Término no controlado | CIUDADANIA ACTIVA |
| 653 0# - TERMINO DE INDIZACION - NO CONTROLADO | |
| Término no controlado | PARTICIPACION SOCIAL |
| 653 0# - TERMINO DE INDIZACION - NO CONTROLADO | |
| Término no controlado | COMPETENCIA CIVICA |
| 653 0# - TERMINO DE INDIZACION - NO CONTROLADO | |
| Término no controlado | COMPETENCIA SOCIAL |
| 905 ## - TIPO DE MATERIAL | |
| Tipo de material | Articulo |
No items available.
